000 00607nam a2200265Ia 4500
005 20260306164558.0
008 008 260114s9999 xx 000 0 eng d
020 _a9780300210712
037 _aEBOOK
040 _aCRL
040 _beng
040 _cCRL
041 _2eng
041 _aeng
084 _qCRL
100 _aShearer, Khaustov
_91131095
245 0 _aStalin And The Lubianka
260 _bYale University Press
260 _c2015
650 _aHistory
856 _uhttps://academic.oup.com/book/18812
942 _cEBOOK
999 _c1714592
_d1714592